| 000 | 00503nam a22001457a 4500 | ||
|---|---|---|---|
| 003 | macl | ||
| 005 | 20191203132337.0 | ||
| 008 | 191203b xxu||||| |||| 00| 0 eng d | ||
| 040 | _cmacl | ||
| 082 | _a800 | ||
| 100 |
_aनवनाथ शिंदे _977420 |
||
| 245 | _aसपां.इक्कीसवीं शती का हिंदी साहित्य चिंतन और चुनौतियॉं | ||
| 650 |
_aकथा साहित्य _9191 |
||
| 942 |
_2ddc _cHIN |
||
| 999 |
_c61496 _d61496 |
||